[Event "DIJA III"]
[Site "SchemingMind.com"]
[Date "2020.12.10"]
[Round "-"]
[White "grabapawn"]
[Black "Helga1946"]
[Result "0-1"]
[WhiteCountry "USA"]
[BlackCountry "GER"]
[WhiteElo "1544"]
[WhiteRD "68"]
[BlackElo "2203"]
[BlackRD "65"]
[GameID "463133"]

1. d4 d5 2. Bf4 Bf5 3. e3 Nc6 4. c3 e6 5. Nd2 Bd6 6. Bg3 h5 7. Ngf3 h4 8. Nxh4 Rxh4 9. Bxh4 Qxh4 10. g3 Qh7
11. Bb5 Nf6 12. Be2 O-O-O 13. Qa4 Bc2 14. b3 Nd7 15. Bd1 a6 16. Rc1 Bxd1 17. Rxd1 Nb6
0-1

[Event "DIJA III"]
[Site "SchemingMind.com"]
[Date "2020.12.08"]
[Round "-"]
[White "JAHI"]
[Black "grabapawn"]
[Result "1-0"]
[WhiteCountry "INT"]
[BlackCountry "USA"]
[WhiteElo "2127"]
[WhiteRD "71"]
[BlackElo "1538"]
[BlackRD "68"]
[GameID "463134"]

1. c3 d6 2. c4 Nf6 3. Nc3 Nbd7 4. g3 e5 5. Bg2 Be7 6. d3 h6 7. Bd2 c6 8. Kf1 Qc7 9. a3 Nf8 10. h3 g5
11. h4 Ng6 12. hxg5 Ng4 13. f3 Nf2 14. Kxf2 hxg5 15. Rxh8+ Nxh8 16. Qb1 Be6 17. Nh3 g4 18. Ng5 Bxg5 19. Bxg5 Ng6 20. Qa2 f5
21. b3 Kd7 22. Rh1 Rh8 23. Rxh8 Nxh8 24. fxg4 fxg4 25. Be3 b6 26. Qb1 Qd8 27. Qh1 Qf6+ 28. Kg1 Nf7 29. Bxc6+ Ke7 30. Qh7 e4
31. Nxe4 Qa1+ 32. Kg2 Qe5 33. Bg5+ Kf8 34. Bf6 Qa5 35. Qg7#
1-0

[Event "DIJA III"]
[Site "SchemingMind.com"]
[Date "2020.12.08"]
[Round "-"]
[White "grabapawn"]
[Black "David Connolly"]
[Result "0-1"]
[WhiteCountry "USA"]
[BlackCountry "WLS"]
[WhiteElo "1538"]
[WhiteRD "68"]
[BlackElo "2054"]
[BlackRD "87"]
[GameID "463135"]

1. d4 d5 2. Bf4 c5 3. e3 Nf6 4. c3 Nc6 5. Bd3 Qb6 6. Na3 c4 7. Bc2 Qxb2 8. Ne2 Qxa3 9. O-O e6 10. Ng3 Qxc3
11. Rb1 Qa3 12. e4 Be7 13. e5 Nd7 14. Nh5 g6 15. Ng3 O-O 16. Re1 Re8 17. Re3 Qa5 18. Nh5 Qd8 19. Rg3 Nf8 20. Bh6 Qc7
21. Qg4 Nxe5 22. Qf4 Nfd7 23. dxe5 Qxe5 24. Qxe5 Nxe5 25. Re1 f6 26. Nf4 Nd3 27. Nxd3 cxd3 28. Bxd3 e5 29. Bc2 Bd7 30. Bxg6 hxg6
31. Rxg6+ Kh7 32. Rg3 Kxh6
0-1

[Event "DIJA III"]
[Site "SchemingMind.com"]
[Date "2020.12.09"]
[Round "-"]
[White "grabapawn"]
[Black "Raymond de Kemp"]
[Result "0-1"]
[WhiteCountry "USA"]
[BlackCountry "NED"]
[WhiteElo "1538"]
[WhiteRD "68"]
[BlackElo "1811"]
[BlackRD "69"]
[GameID "463136"]

1. d4 f5 2. Bf4 Nf6 3. e3 e6 4. Nf3 b6 5. Be2 Bb7 6. c3 Be7 7. Nbd2 O-O 8. Ng5 Nd5 9. Nxh7 Kxh7 10. Bg3 Rf6
11. h4 Rh6 12. Nf3 g5 13. Kd2 Nc6 14. Nxg5+ Bxg5 15. hxg5 Qxg5 16. Rxh6+ Qxh6 17. Bh5 Rg8 18. Qh1 Rg5 19. Bf4 Nxf4 20. exf4 Rxh5
0-1

[Event "DIJA III"]
[Site "SchemingMind.com"]
[Date "2020.12.09"]
[Round "-"]
[White "Gilligan"]
[Black "Steven DuCharme"]
[Result "1-0"]
[WhiteCountry "USA"]
[BlackCountry "USA"]
[WhiteElo "1666"]
[WhiteRD "60"]
[BlackElo "1581"]
[BlackRD "62"]
[GameID "463138"]

1. e4 e6 2. d4 b6 3. Bd3 Bb7 4. Nf3 h6 5. Nc3 Ne7 6. Bd2 Ng6 7. Qe2 Be7 8. O-O-O O-O 9. g3 d6 10. h4 Nd7
11. h5 Nh8 12. g4 Re8 13. Rh3 a5 14. Rg1 Nf8 15. g5 hxg5 16. Nxg5 f6 17. Nxe6 Nxe6 18. Bc4
1-0

[Event "DIJA III"]
[Site "SchemingMind.com"]
[Date "2020.12.09"]
[Round "-"]
[White "Kenny Elliott"]
[Black "Gilligan"]
[Result "1-0"]
[WhiteCountry "USA"]
[BlackCountry "USA"]
[WhiteElo "1562"]
[WhiteRD "54"]
[BlackElo "1683"]
[BlackRD "60"]
[GameID "463139"]

1. d4 d5 2. c4 e6 3. Nf3 Nf6 4. Nc3 Bb4 5. Bd2 c6 6. e3 O-O 7. c5 b6 8. a3 Bxc3 9. Bxc3 bxc5 10. dxc5 Na6
11. b4 Nc7 12. Ne5 Bb7 13. Bd3 Nce8 14. O-O h6 15. Qb3 Nh7 16. Bxh7+ Kxh7 17. Bd4 f6 18. Qd3+ Kg8 19. Ng6 Rf7 20. Rad1 e5
21. Bxe5 fxe5 22. Nxe5 Rf8 23. f4 Nf6 24. Qg6 Ne4 25. Qh5 Qe8 26. Qf3 Qe6 27. Qh5 Rf5 28. Qg6 Raf8 29. Qxe6+ Kh8 30. Ng6+
1-0

[Event "DIJA III"]
[Site "SchemingMind.com"]
[Date "2020.12.10"]
[Round "-"]
[White "Gilligan"]
[Black "dadshane2000"]
[Result "1-0"]
[WhiteCountry "USA"]
[BlackCountry "USA"]
[WhiteElo "1680"]
[WhiteRD "57"]
[BlackElo "1564"]
[BlackRD "88"]
[GameID "463140"]

1. e4 c5 2. d4 cxd4 3. c3 dxc3 4. Bc4 Nc6 5. Nxc3 e6 6. Nf3 d6 7. O-O Nf6 8. Bg5 Be7 9. Bb3 O-O 10. Rc1 h6
11. Bh4 Nh7 12. Bg3 f5 13. exf5 Rxf5 14. Re1 Nf8 15. Bc2 Rf7 16. Qd2 a6 17. a3 b5 18. b4 Bb7 19. Qd3 d5 20. Rxe6 Nxe6
21. Qh7+
1-0

[Event "DIJA III"]
[Site "SchemingMind.com"]
[Date "2020.12.09"]
[Round "-"]
[White "Derek Price"]
[Black "Gilligan"]
[Result "1-0"]
[WhiteCountry "ENG"]
[BlackCountry "USA"]
[WhiteElo "2259"]
[WhiteRD "72"]
[BlackElo "1666"]
[BlackRD "60"]
[GameID "463141"]

1. c4 e6 2. g3 g6 3. Bg2 Bg7 4. Nf3 Nf6 5. O-O O-O 6. d4 d6 7. Nc3 Nbd7 8. e4 b6 9. e5 Ne8 10. Bg5 f6
11. exf6 Nexf6 12. Re1 Qe8 13. Nb5 Qf7 14. Nxc7 Rb8 15. Bh3 Re8 16. Nxe8 Qxe8 17. Bxe6+ Kh8 18. Bf4 Bf8 19. Ng5 Kg7 20. Bd5 Be7
21. Qe2 Kf8 22. Ne6+ Kf7 23. Nc7+
1-0

[Event "DIJA III"]
[Site "SchemingMind.com"]
[Date "2020.12.09"]
[Round "-"]
[White "Gilligan"]
[Black "JAHI"]
[Result "0-1"]
[WhiteCountry "USA"]
[BlackCountry "INT"]
[WhiteElo "1683"]
[WhiteRD "60"]
[BlackElo "2127"]
[BlackRD "71"]
[GameID "463142"]

1. e4 d6 2. d4 g6 3. Nf3 Bg4 4. Be3 Bg7 5. c3 Nd7 6. Nbd2 e6 7. Be2 Bxf3 8. Nxf3 Ne7 9. O-O h6 10. Qb3 Qb8
11. Rac1 Kf8 12. h4 Kg8 13. Qc2 h5 14. Rfe1 a6 15. Bd3 Nf8 16. Rcd1 b6 17. Ng5 f6 18. Nf3 Qa7 19. e5 fxe5 20. dxe5 d5
21. Bd4 Re8 22. g3 c6 23. b4 c5 24. Be3 c4 25. Bf1 Nf5 26. Bf4 Bh6 27. Bxh6 Rxh6 28. Ng5 b5 29. Bg2 Nxg3 30. Qd2 Nf5
31. a4 bxa4 32. Kh2 a5 33. Bh3 axb4 34. cxb4 c3 35. Qc2 Rc8 36. Bxf5 gxf5 37. Rg1 Rc4 38. Nxe6+ Rg6 39. Rxg6+ Nxg6 40. Kg1 Rg4+
41. Kh2 Qe7 42. Ng5 Rxh4+ 43. Kg1 Qxg5+ 44. Kf1 Qg4
0-1

[Event "DIJA III"]
[Site "SchemingMind.com"]
[Date "2020.12.09"]
[Round "-"]
[White "David Connolly"]
[Black "Gilligan"]
[Result "1-0"]
[WhiteCountry "WLS"]
[BlackCountry "USA"]
[WhiteElo "2060"]
[WhiteRD "82"]
[BlackElo "1680"]
[BlackRD "57"]
[GameID "463143"]

1. c4 e5 2. Nc3 Nf6 3. Nf3 d6 4. d4 exd4 5. Nxd4 g6 6. g3 Bg7 7. Bg2 O-O 8. O-O c6 9. e4 Na6 10. h3 Rb8
11. b3 Re8 12. Be3 Bd7 13. Qc2 Qc7 14. Rfe1 Nc5 15. b4 Ne6 16. Nde2 b6 17. Rac1 Bc8 18. Nf4 Bb7 19. a3 Qd7 20. Rcd1 Qe7
21. Kh2 h5 22. Nce2 Nxf4 23. Bxf4 Rbd8 24. Nd4 Qf8 25. Qa4 a5 26. Nxc6 Bxc6 27. Qxc6 Rc8 28. Qxb6 Kh7 29. Rxd6 axb4 30. Qxb4 Rb8
31. Qd2 Rbc8 32. Qd3 Red8 33. e5 Rxd6 34. exd6 Rd8 35. c5 Nd7 36. c6 Nc5 37. Qd5 Na6 38. Qb5 Ra8 39. c7 Nxc7 40. dxc7 Rc8
41. Bb7 Ra8 42. Qd7 Rxa3 43. Bd6
1-0

[Event "DIJA III"]
[Site "SchemingMind.com"]
[Date "2020.12.10"]
[Round "-"]
[White "Raymond de Kemp"]
[Black "Gilligan"]
[Result "1-0"]
[WhiteCountry "NED"]
[BlackCountry "USA"]
[WhiteElo "1811"]
[WhiteRD "69"]
[BlackElo "1683"]
[BlackRD "60"]
[GameID "463144"]

1. e4 e5 2. f4 Bc5 3. Nf3 Nc6 4. Bc4 exf4 5. d4 Bb6 6. Bxf4 d6 7. Bxf7+ Kxf7 8. Ng5+ Kg6 9. Rf1 h6 10. Nf3 Bg4
11. Qd3 Kh7 12. e5+ g6 13. Bg3 Bf5 14. Nh4 Qg5 15. Nd2 Rf8 16. Nxf5 Rxf5 17. Nf3 Qd8 18. Bh4 Qd7 19. O-O-O Nge7 20. g4 Rff8
21. Bf6 Rhg8 22. Ng5+ hxg5 23. Qh3#
1-0

[Event "DIJA III"]
[Site "SchemingMind.com"]
[Date "2020.12.13"]
[Round "-"]
[White "maro"]
[Black "Steven DuCharme"]
[Result "0-1"]
[WhiteCountry "MEX"]
[BlackCountry "USA"]
[WhiteElo "1432"]
[WhiteRD "59"]
[BlackElo "1554"]
[BlackRD "55"]
[GameID "463145"]

1. e4 c5 2. d3 Nc6 3. Nf3 d6 4. Be3 Nf6 5. d4 cxd4 6. Nxd4 Nxd4 7. Qxd4 a6 8. Nc3 e5 9. Qd2 Be7 10. Bc4 Ng4
11. Na4 Nxe3 12. Qxe3 O-O 13. Nb6 Rb8 14. Rd1 Be6 15. Bxe6 fxe6 16. Nc4 b5 17. Na5 Qxa5+ 18. c3 b4 19. O-O bxc3 20. bxc3 Rb2
21. Qa7 Bg5 22. Rxd6 Qxa2 23. Rd7 Bh6 24. g4 Rd2 25. Re7 Rd6 26. g5 Qd2 27. gxh6 Qxh6 28. Kh1 Qg6 29. Rg1 Qxe4+ 30. Rg2 Rd1#
0-1

[Event "DIJA III"]
[Site "SchemingMind.com"]
[Date "2020.12.12"]
[Round "-"]
[White "Kenny Elliott"]
[Black "maro"]
[Result "1-0"]
[WhiteCountry "USA"]
[BlackCountry "MEX"]
[WhiteElo "1585"]
[WhiteRD "58"]
[BlackElo "1442"]
[BlackRD "61"]
[GameID "463146"]

1. d4 d5 2. c4 dxc4 3. Nc3 Nf6 4. e4 e6 5. Bg5 Be7 6. Bxf6 Bxf6 7. Nf3 Nc6 8. e5 Bg5 9. Bxc4 O-O 10. O-O b6
11. Nxg5 Qxg5 12. Qa4 Nxd4 13. Be2 Bb7 14. g3 Nxe2+ 15. Nxe2 Qxe5 16. Nc3 Qf5 17. Rae1 Qf3 18. Ne4 f5 19. Re3 Qh5 20. Nd2 Qh3
21. Nf3 f4 22. Rc3 fxg3 23. fxg3 a5 24. Qc2 Ba6 25. Re1 e5 26. Qg2 Qe6 27. Rce3 Bb7 28. Qf2 e4 29. Ng5 Qd5 30. Qc2 Qxg5
31. Qxc7 Ba6 32. Qxb6 Rf3 33. Qb3+ Kh8 34. Rxf3 exf3 35. Qxf3 Qc5+ 36. Kg2 Qc2+ 37. Kh3 Bc8+ 38. g4 Bd7 39. Qxa8+ Qc8 40. Qxc8+
1-0

[Event "DIJA III"]
[Site "SchemingMind.com"]
[Date "2020.12.13"]
[Round "-"]
[White "maro"]
[Black "dadshane2000"]
[Result "0-1"]
[WhiteCountry "MEX"]
[BlackCountry "USA"]
[WhiteElo "1413"]
[WhiteRD "60"]
[BlackElo "1584"]
[BlackRD "89"]
[GameID "463147"]

1. d4 g6 2. c4 Nf6 3. Nc3 Bg7 4. e4 d6 5. c5 dxc5 6. d5 Nbd7 7. b3 a6 8. Bb2 O-O 9. Nf3 b6 10. a4 Ng4
11. Qd2 Nde5 12. h3 Nxf3+ 13. gxf3 Ne5 14. Qe3 f5 15. exf5 Bxf5 16. O-O-O Nf7 17. Bc4 Ne5 18. d6+ Nxc4 19. bxc4 exd6 20. Nd5 Bxb2+
21. Kxb2 c6 22. Nf4 Qf6+ 23. Ka2 Bc2 24. Rd2 Qxf4 25. Qc3 Bf5 26. Rhd1 Rad8
0-1

[Event "DIJA III"]
[Site "SchemingMind.com"]
[Date "2020.12.12"]
[Round "-"]
[White "Derek Price"]
[Black "maro"]
[Result "1-0"]
[WhiteCountry "ENG"]
[BlackCountry "MEX"]
[WhiteElo "2249"]
[WhiteRD "74"]
[BlackElo "1432"]
[BlackRD "59"]
[GameID "463148"]

1. c4 d6 2. d4 g6 3. Nc3 Bg7 4. Nf3 Nf6 5. e4 c6 6. Be2 O-O 7. O-O a6 8. h3 e5 9. dxe5 dxe5 10. Qxd8 Rxd8
11. Be3 b5 12. Rad1 Rxd1 13. Rxd1 Bd7 14. Nxe5 h5 15. a3 Kh7 16. Nxf7 Be6 17. Ng5+ Kg8 18. Rd8+ Bf8 19. Nxe6 Kf7 20. Nxf8 Ke7
21. Rc8 Nfd7 22. Bg5+ Kd6 23. e5+
1-0

[Event "DIJA III"]
[Site "SchemingMind.com"]
[Date "2020.12.13"]
[Round "-"]
[White "maro"]
[Black "Gilligan"]
[Result "0-1"]
[WhiteCountry "MEX"]
[BlackCountry "USA"]
[WhiteElo "1432"]
[WhiteRD "59"]
[BlackElo "1683"]
[BlackRD "60"]
[GameID "463149"]

1. d4 d5 2. c4 e6 3. c5 Nf6 4. Nc3 Be7 5. e3 O-O 6. Bd3 a5 7. Nf3 b6 8. cxb6 cxb6 9. Bb5 Na6 10. O-O Ne4
11. Ne5 Bb7 12. b3 Nxc3 13. Qd2 Nxb5 14. Qd3 Nd6 15. Ba3 Ne4 16. Bxe7 Qxe7 17. f3 Nb4 18. Qd1 Nd6 19. a3 Nc6 20. Nd3 f6
21. a4 e5 22. dxe5 fxe5 23. f4 e4 24. Nf2 Nf5 25. g4 Nxe3 26. Qd2 Nxf1 27. Kxf1 d4 28. Qc2 Rxf4 29. Kg2 e3
0-1

[Event "DIJA III"]
[Site "SchemingMind.com"]
[Date "2020.12.13"]
[Round "-"]
[White "maro"]
[Black "Phillip Beckett"]
[Result "0-1"]
[WhiteCountry "MEX"]
[BlackCountry "ENG"]
[WhiteElo "1432"]
[WhiteRD "59"]
[BlackElo "1440"]
[BlackRD "48"]
[GameID "463150"]

1. e4 e5 2. d4 exd4 3. Nf3 Nc6 4. Nxd4 Bc5 5. Be3 Qf6 6. Nxc6 Bxe3 7. fxe3 dxc6 8. Nc3 Bd7 9. g3 Ne7 10. Bc4 O-O-O
11. Rf1 Qg5 12. Rxf7 Qxe3+ 13. Ne2 Qxe4 14. Rf4 Qh1+ 15. Rf1 Qe4 16. Bd3 Qb4+ 17. c3 Qxb2 18. a4 Qb6 19. Nd4 c5 20. Nb5 Nd5
21. c4 Ne3 22. Qd2 Nxf1 23. Kxf1 Rhf8+ 24. Kg2 Qf6 25. Ra2 Qf3+ 26. Kg1 a6 27. Nc3 Bc6
0-1

[Event "DIJA III"]
[Site "SchemingMind.com"]
[Date "2020.12.12"]
[Round "-"]
[White "Helga1946"]
[Black "maro"]
[Result "1-0"]
[WhiteCountry "GER"]
[BlackCountry "MEX"]
[WhiteElo "2257"]
[WhiteRD "66"]
[BlackElo "1432"]
[BlackRD "59"]
[GameID "463151"]

1. c4 e6 2. d4 b6 3. e4 d5 4. cxd5 exd5 5. exd5 Qxd5 6. Nf3 Nc6 7. Nc3 Qd8 8. Bb5 Bd7 9. d5 Nb4 10. O-O Bxb5
11. Nxb5 Nxd5 12. Qxd5 Qxd5 13. Nxc7+ Kd8 14. Nxd5 Bc5 15. Rd1 Kc8 16. b4 Nh6 17. bxc5 bxc5 18. Ne7+ Kb7 19. Rb1+
1-0

[Event "DIJA III"]
[Site "SchemingMind.com"]
[Date "2020.12.12"]
[Round "-"]
[White "maro"]
[Black "JAHI"]
[Result "0-1"]
[WhiteCountry "MEX"]
[BlackCountry "INT"]
[WhiteElo "1432"]
[WhiteRD "59"]
[BlackElo "2127"]
[BlackRD "71"]
[GameID "463152"]

1. d4 d6 2. c4 g6 3. Nc3 Bg7 4. e3 a6 5. Bd3 a5 6. b4 axb4 7. Nd5 c6 8. Nxb4 c5 9. dxc5 Bxa1 10. cxd6 Qxd6
11. Ba3 Bc3+ 12. Kf1 Rxa3 13. Nd5 Bg7 14. Nf3 e6 15. Nf4 Rxa2 16. Nd2 Ne7 17. Nb3 Na6 18. c5 Qd7 19. Nd4 Nxc5 20. Bb5 Qxb5+
21. Nxb5 Ra1 22. Qxa1 Bxa1 23. Ke2 Be5 24. Rd1 Bd7 25. Nd3 Bxb5
0-1

[Event "DIJA III"]
[Site "SchemingMind.com"]
[Date "2020.12.12"]
[Round "-"]
[White "David Connolly"]
[Black "maro"]
[Result "1-0"]
[WhiteCountry "WLS"]
[BlackCountry "MEX"]
[WhiteElo "2060"]
[WhiteRD "82"]
[BlackElo "1442"]
[BlackRD "61"]
[GameID "463153"]

1. d4 d5 2. c4 dxc4 3. Nf3 Nf6 4. e3 Nc6 5. Bxc4 e6 6. Nc3 Bb4 7. O-O a6 8. Qe2 O-O 9. Rd1 Bxc3 10. bxc3 b5
11. Bb3 Bb7 12. e4 Ne7 13. Bc2 h6 14. h3 Ng6 15. a4 Re8 16. axb5 axb5 17. Rb1 c6 18. c4 Qc7 19. e5 Nd7 20. c5 Ra2
21. Qd3 Ba6 22. Qb3 Ra4 23. Qe3 Rc4 24. Bxg6 fxg6 25. Nd2 Ra4 26. Ne4 b4 27. Nd6 Rf8 28. Qb3 Ra3 29. Qxe6+ Kh7 30. Rxb4 Ra2
31. Qxa2 Ra8 32. Rd3 Qd8 33. Ra3 Nb8 34. Rba4
1-0

[Event "DIJA III"]
[Site "SchemingMind.com"]
[Date "2020.12.12"]
[Round "-"]
[White "Raymond de Kemp"]
[Black "maro"]
[Result "1-0"]
[WhiteCountry "NED"]
[BlackCountry "MEX"]
[WhiteElo "1811"]
[WhiteRD "69"]
[BlackElo "1432"]
[BlackRD "59"]
[GameID "463154"]

1. e4 e5 2. f4 exf4 3. Nf3 d6 4. Bc4 Nf6 5. d3 Nc6 6. Bxf4 d5 7. exd5 Nxd5 8. Bxd5 Qxd5 9. Nc3 Qe6+ 10. Kf2 Bc5+
11. d4 Bxd4+ 12. Nxd4 Nxd4 13. Re1 Qxe1+ 14. Qxe1+ Be6 15. Qe4 O-O-O 16. Rd1 Nf5 17. Qe5 Rd7 18. Rxd7
1-0

[Event "DIJA III"]
[Site "SchemingMind.com"]
[Date "2020.12.08"]
[Round "-"]
[White "Phillip Beckett"]
[Black "Steven DuCharme"]
[Result "0-1"]
[WhiteCountry "ENG"]
[BlackCountry "USA"]
[WhiteElo "1440"]
[WhiteRD "48"]
[BlackElo "1554"]
[BlackRD "55"]
[GameID "463156"]

1. d4 Nf6 2. e3 d5 3. Bd3 g6 4. f4 Bg7 5. Nf3 O-O 6. O-O Nbd7 7. Nbd2 c5 8. c3 c4 9. Bc2 b5 10. e4 Bb7
11. e5 Ne4 12. Qe2 f5 13. Nxe4 dxe4 14. Ng5 Bd5 15. a4 h6 16. Nh3 a6 17. axb5 axb5 18. Rxa8 Qxa8 19. Be3 Qa2 20. Bb1 Qa1
21. Bxe4 Qxf1+ 22. Kxf1 Bxe4 23. Nf2 Bd5 24. Nd1 Ra8 25. Kf2 e6 26. h4 Kf7 27. h5 Ra1 28. hxg6+ Kxg6 29. g4 Be4 30. gxf5+ Bxf5
31. Kf3 h5 32. Qg2+ Bg4+ 33. Kf2 Rxd1 34. f5+ Kxf5 35. Kg3 Nxe5 36. dxe5 Bxe5+ 37. Kf2 Rb1 38. Qb7 Rxb2+ 39. Ke1 Bg3+ 40. Kf1 Bh3+
41. Kg1 Rb1+
0-1

[Event "DIJA III"]
[Site "SchemingMind.com"]
[Date "2020.12.09"]
[Round "-"]
[White "Kenny Elliott"]
[Black "Phillip Beckett"]
[Result "1-0"]
[WhiteCountry "USA"]
[BlackCountry "ENG"]
[WhiteElo "1562"]
[WhiteRD "54"]
[BlackElo "1440"]
[BlackRD "48"]
[GameID "463157"]

1. d4 e5 2. dxe5 Nc6 3. Nf3 Qe7 4. Bg5 Qb4+ 5. Nbd2 Be7 6. Bxe7 Ngxe7 7. a3 Qxb2 8. e3 Nxe5 9. Nxe5 Qxe5 10. Bd3 c6
11. O-O d5 12. Nf3 Qc7 13. Re1 O-O 14. Qe2 Bf5 15. e4 dxe4 16. Bxe4 Bxe4 17. Qxe4 Ng6 18. c4 Rfe8 19. Qb1 Nf4 20. Kf1 Ng6
21. Re4 Qd7 22. Qc2 Rad8 23. Rxe8+ Rxe8 24. Rd1 Qc8 25. Qb1 Rd8 26. Re1 Re8 27. Rd1 Qe6 28. Qc2 h6 29. Nd4 Qe7 30. Nf5 Qe4
31. Qxe4 Rxe4 32. Rd8+ Kh7 33. Nd6 Re7 34. Nf5 Rc7 35. a4 Ne7 36. Nd6 Ng6 37. Nf5 Ne7 38. Nd6 f6 39. f4 b6 40. g4 g5
41. f5 Kg7 42. Kg2 Ng8 43. Re8 Rd7 44. Re6 b5 45. axb5 cxb5 46. cxb5 Ne7 47. Kg3 Nd5 48. Ne4 Re7 49. Rxe7+ Nxe7 50. Kf3= Nd5
51. Ke2 Kf7 52. Kd3 Nc7 53. Kc4 Ke7 54. Kc5 Kd7 55. Nxf6+
1-0

[Event "DIJA III"]
[Site "SchemingMind.com"]
[Date "2020.12.10"]
[Round "-"]
[White "Phillip Beckett"]
[Black "dadshane2000"]
[Result "0-1"]
[WhiteCountry "ENG"]
[BlackCountry "USA"]
[WhiteElo "1445"]
[WhiteRD "50"]
[BlackElo "1564"]
[BlackRD "88"]
[GameID "463158"]

1. d4 Nf6 2. e3 d5 3. Bd3 Bg4 4. f3 Bd7 5. Nd2 Nc6 6. Ne2 e5 7. dxe5 Nxe5 8. O-O Nxd3 9. cxd3 c5 10. e4 Bd6
11. Nc3 Qc7 12. g3 d4 13. Ne2 b5 14. Nb3 h6 15. Bf4 Bh3 16. Re1 O-O 17. Bxd6 Qxd6 18. f4 Ng4 19. e5 Qd5
0-1

[Event "DIJA III"]
[Site "SchemingMind.com"]
[Date "2020.12.09"]
[Round "-"]
[White "Derek Price"]
[Black "Phillip Beckett"]
[Result "1-0"]
[WhiteCountry "ENG"]
[BlackCountry "ENG"]
[WhiteElo "2259"]
[WhiteRD "72"]
[BlackElo "1451"]
[BlackRD "50"]
[GameID "463159"]

1. c4 d5 2. Nf3 dxc4 3. Qa4+ Nc6 4. Qxc4 Nf6 5. g3 Qd5 6. Qxd5 Nxd5 7. a3 Bg4 8. Bg2 O-O-O 9. Nc3 Nxc3 10. dxc3 f6
11. h3 Bd7 12. Be3 e5 13. O-O Bd6 14. Nd2 Kb8 15. Nc4 Be6 16. Nxd6 Rxd6 17. Rad1 Rhd8 18. Rxd6 Rxd6 19. b4 Bd5 20. f3 Bc4
21. Kf2 Ne7 22. Bc5 Rd7 23. Bxe7 Rxe7 24. Rd1 Kc8 25. h4 Rd7 26. Bh3
1-0

[Event "DIJA III"]
[Site "SchemingMind.com"]
[Date "2020.12.09"]
[Round "-"]
[White "Phillip Beckett"]
[Black "Gilligan"]
[Result "0-1"]
[WhiteCountry "ENG"]
[BlackCountry "USA"]
[WhiteElo "1451"]
[WhiteRD "50"]
[BlackElo "1666"]
[BlackRD "60"]
[GameID "463160"]

1. d4 d5 2. e3 Nf6 3. Bd3 Nc6 4. f4 Bd7 5. c3 e6 6. Nf3 Bd6 7. O-O Qe7 8. Ne5 O-O-O 9. Nd2 Rdg8 10. b4 h5
11. a4 Ng4 12. Ndf3 f6 13. Ng6 Qf7 14. Nxh8 Rxh8 15. b5 Nd8 16. Ne5 fxe5 17. fxe5 Qe7 18. exd6 Qxd6 19. g3 e5 20. Ba3 Qh6
21. dxe5 Qxe3+ 22. Kg2 Qxe5 23. Qe2 Qg5 24. Be7 Ne3+ 25. Kg1 Qxe7 26. Rf3 Nf5 27. Qxe7 Nxe7 28. Raf1 Ne6 29. Rf7 Kd8 30. c4 Ke8
31. cxd5 Nc5 32. Bc4 Nxa4 33. Re1 Kxf7 34. d6+ Kf6 35. Rxe7 Bg4 36. Rxc7 Rd8 37. d7 Rxd7 38. Rxd7 Bxd7 39. Kf2 Nc3 40. Ke3 Nxb5
0-1

[Event "DIJA III"]
[Site "SchemingMind.com"]
[Date "2020.12.08"]
[Round "-"]
[White "Phillip Beckett"]
[Black "JAHI"]
[Result "1/2-1/2"]
[WhiteCountry "ENG"]
[BlackCountry "INT"]
[WhiteElo "1451"]
[WhiteRD "50"]
[BlackElo "2141"]
[BlackRD "69"]
[GameID "463161"]

1. d4 d6 2. e3 g6 3. Bd3 Bg7 4. f4 a6 5. Nf3 Bg4 6. O-O h6 7. Nbd2 h5 8. h3 Bxf3 9. Qxf3 d5 10. c3 h4
11. e4 c6=
1/2-1/2

[Event "DIJA III"]
[Site "SchemingMind.com"]
[Date "2020.12.08"]
[Round "-"]
[White "David Connolly"]
[Black "Phillip Beckett"]
[Result "1-0"]
[WhiteCountry "WLS"]
[BlackCountry "ENG"]
[WhiteElo "2000"]
[WhiteRD "93"]
[BlackElo "1451"]
[BlackRD "50"]
[GameID "463162"]

1. c4 d5 2. cxd5 Qxd5 3. Nc3 Qd8 4. d4 e6 5. e4 c5 6. d5 exd5 7. Qxd5 Nc6 8. Qxd8+ Nxd8 9. Bb5+ Bd7 10. Bxd7+ Kxd7
11. Bf4 Nc6 12. Rd1+ Ke6 13. Nf3 Be7 14. O-O Nf6 15. Ng5#
1-0

[Event "DIJA III"]
[Site "SchemingMind.com"]
[Date "2020.12.13"]
[Round "-"]
[White "Raymond de Kemp"]
[Black "Phillip Beckett"]
[Result "1-0"]
[WhiteCountry "NED"]
[BlackCountry "ENG"]
[WhiteElo "1820"]
[WhiteRD "70"]
[BlackElo "1451"]
[BlackRD "50"]
[GameID "463163"]

1. d4 e5 2. dxe5 Nc6 3. Nf3 Qe7 4. Bd2 Nxe5 5. Nxe5 Qxe5 6. Bc3 Qe7 7. e3 Nf6 8. b3 Ne4 9. Bb2 c6 10. Nd2 Nxd2
11. Qxd2 d5 12. Bd3 f6 13. O-O Be6 14. a4 Qb4 15. Bc3 Qb6 16. a5 Qc7 17. f4 Bd6 18. b4 O-O 19. Rf3 Bg4 20. Rff1 Rae8
21. Qf2 Bh5 22. Qh4 Bg6 23. Bxg6 hxg6 24. Rf3 Kf7 25. Rh3 b6 26. a6 Rh8 27. Qxh8 Rxh8 28. Rxh8 c5 29. b5 d4 30. Bd2 dxe3
31. Bxe3 Bxf4 32. Bxf4 Qxf4 33. Rd1 Qe3+ 34. Kh1 Qe2 35. Rd7+ Ke6 36. Re8+
1-0

[Event "DIJA III"]
[Site "SchemingMind.com"]
[Date "2020.12.10"]
[Round "-"]
[White "Steven DuCharme"]
[Black "Adrian Grajczak"]
[Result "0-1"]
[WhiteCountry "USA"]
[BlackCountry "POL"]
[WhiteElo "1554"]
[WhiteRD "55"]
[BlackElo "1810"]
[BlackRD "107"]
[GameID "463165"]

1. g3 d5 2. Bg2 e5 3. b3 c5 4. Bb2 Nc6 5. h3 f5 6. Nf3 Bd6 7. O-O Nf6 8. d3 O-O 9. Nbd2 Qe8 10. e4 fxe4
11. dxe4 d4 12. Re1 Qh5 13. Nc4 Bc7 14. Nh4 Qf7 15. a3 Nxe4 16. Rxe4 Qxf2+ 17. Kh2 Be6 18. Re2 Qxg3+
0-1

[Event "DIJA III"]
[Site "SchemingMind.com"]
[Date "2020.12.09"]
[Round "-"]
[White "Adrian Grajczak"]
[Black "Kenny Elliott"]
[Result "0-1"]
[WhiteCountry "POL"]
[BlackCountry "USA"]
[WhiteElo "1916"]
[WhiteRD "89"]
[BlackElo "1595"]
[BlackRD "62"]
[GameID "463166"]

1. e4 c5 2. Nf3 d6 3. d4 Bg4 4. dxc5 Bxf3 5. Qxf3 Qa5+ 6. Nc3 Qxc5 7. Be3 Qa5 8. Bc4 Nf6 9. O-O Qc7 10. Bb3 e5
11. Nb5 Qd8 12. Nxa7 Nbd7 13. Nb5 Qa5 14. Nc3 Be7 15. Nd5 Nxd5 16. Bxd5 Rb8 17. Qxf7+ Kd8 18. Qxg7 Rf8 19. Qxh7 Nf6 20. Qh3 Nxd5
21. exd5 Qxd5 22. Bb6+ Ke8 23. Rfd1 Qc6 24. Qb3 Kd7 25. Rd3 Rg8 26. f3 Rg6 27. Bf2 Rbg8 28. g3 Ke8 29. Rc3 Qd7 30. Re1 Qh3
31. g4 Bh4
0-1

[Event "DIJA III"]
[Site "SchemingMind.com"]
[Date "2020.12.10"]
[Round "-"]
[White "dadshane2000"]
[Black "Adrian Grajczak"]
[Result "0-1"]
[WhiteCountry "USA"]
[BlackCountry "POL"]
[WhiteElo "1532"]
[WhiteRD "89"]
[BlackElo "1938"]
[BlackRD "96"]
[GameID "463167"]

1. e4 c5 2. Nf3 d6 3. d4 cxd4 4. Nxd4 a6 5. Nc3 Nf6 6. Bg5 e5 7. Nf3 Be7 8. Be2 O-O 9. O-O Be6 10. a4 Nbd7
11. Qd2 Nc5 12. Bxf6 Bxf6 13. Nd5 Nxe4 14. Nxf6+ Nxf6 15. Ng5 Bf5 16. Nf3 Rc8 17. c3 Ne4 18. Qe3 Bg6 19. Rfd1 f5 20. Nxe5 Qe8
21. Nxg6 Qxg6 22. f3 Nc5 23. Bc4+ Kh8 24. b4 Nxa4 25. Rxa4 Rxc4 26. Qd3 Rfc8 27. Ra3 R4c6 28. Rc1 Qf6 29. c4 Qb2
0-1